Viva in Pathology ( Theory and Practical Experiments) (Record no. 6350)

MARC details
000 -LEADER
fixed length control field 00436nam a22001697a 4500
005 - DATE AND TIME OF LATEST TRANSACTION
control field 20210825135721.0
008 - FIXED-LENGTH DATA ELEMENTS--GENERAL INFORMATION
fixed length control field 200520b xxu||||| |||| 00| 0 eng d
020 ## - INTERNATIONAL STANDARD BOOK NUMBER
ISBN 9788174733122
041 ## - LANGUAGE CODE
Language code of text/sound track or separate title eng
082 ## - DEWEY DECIMAL CLASSIFICATION NUMBER
Classification number 616.07 PUN
100 ## - MAIN ENTRY--AUTHOR NAME
Personal name Punia, Md. Rajpal S
245 ## - TITLE STATEMENT
Title Viva in Pathology ( Theory and Practical Experiments)
260 ## - PUBLICATION, DISTRIBUTION, ETC. (IMPRINT)
Place of publication Delhi
Name of publisher AITBS PUBLISHERS
300 ## - PHYSICAL DESCRIPTION
Number of Pages 182p.
650 ## - SUBJECT ADDED ENTRY--TOPICAL TERM
Topical Term Pharmacy
942 ## - ADDED ENTRY ELEMENTS (KOHA)
Koha item type Books
Holdings
Lost status Damaged status Collection code Home library Current library Shelving location Date acquired Source of acquisition Cost, normal purchase price Full call number Accession Number Koha item type
    PHARMACY JRU Library JRU Library Shelf - 22- H 01/06/2020 PURCHASE 175.00 616.07 PUN 24146 Books